000 00885nam a2200241Ia 4500
003 OSt
005 20220918110943.0
006 a|||||r|||| 00| 0
007 ta
008 220915b |||||||| |||| 00| 0 ras d
020 _a8181436784 (hbk)
_c3400
024 _a961
037 _b369, 17/02/2011, Vani Prakashan
_cReference Collections
040 _aARTS
_cARTS
_braj
041 _2raj
_araj
082 _aO152,1N07x, P7.1-.4(RR)
100 _aजैन, निर्मला, संपा.
245 0 _aमहादेवी साहित्य
260 _aनई दिल्ली
_bवाणी प्रकाशन भारत
_c2007
490 _vखण्ड 1
942 _hO152,1N07x, P7.1-.4(RR)
_cREF
999 _c115963
_d115963